00815 2200229 4500001002100000005001700021008004100038035002500079043001200104082001600116090002100132245016000153260012200313300003400435650002600469700002200495700001100517850001200528990001500540990001500555990001500570YOGYA-0209000000597020150707105651.0 ind  a0010-020900000005970 aYOPDYOG a307.0959814 a307.0959814bDam aDampak pembangunan ekonomi (pasar) terhadap kehidupan sosial-budaya daerah (kasus desa Tembeling kepulauan RiaucT. Dibyo Harsono..[et.al] ; edtitor Zakbah aJakartabProyek Inventarisasi dan Dokumentasi Sejarah Nasional Direktorat Sejarah dan Nilai Tradisional ..c1995/1996 av, 57 hlm. :bilus. ;c21 cm. aKehidupan sosial Riau aHarsono, T. Dibyo aZakbar aYOPDYOG a25033-A/96 a25035-A/96 a25036-A/96